| 000 | 01144cam a2200349 i 4500 | ||
|---|---|---|---|
| 001 | 200462711 | ||
| 003 | TR-AnTOB | ||
| 005 | 20241118085617.0 | ||
| 007 | ta | ||
| 008 | 161005s2009 tu 000 1 tur d | ||
| 020 | _a9786055943783 | ||
| 040 |
_aBGZ _beng _erda _cBGZ _dTR-AnTOB |
||
| 041 | 1 |
_atur _heng |
|
| 050 | 0 | 0 |
_aPS3603.A869 _bM3719 2009 |
| 090 |
_aPS3603.A869 _bM3719 2009 |
||
| 100 | 1 |
_aCast, P. C. _eauthor _9146326 |
|
| 240 | 1 | 0 |
_aMarked _lTurkish. |
| 245 | 1 | 0 |
_aİşaret / _cP. C. Cast, Kristin Cast ; İngilizce'den çeviren: Sevinç Tezcan Yanar. |
| 250 | _a1. Baskı : Mayıs 2009 | ||
| 264 | 1 |
_aİstanbul : _bPegasus Yayınları, _c2009. |
|
| 300 |
_a333 pages ; _c21 cm |
||
| 336 |
_atext _btxt _2rdacontent |
||
| 337 |
_aunmediated _bn _2rdamedia |
||
| 338 |
_avolume _bnc _2rdacarrier |
||
| 490 | 0 |
_aPegasus Yayınları ; _v189 _aBestseller Roman ; _v34 |
|
| 600 | 1 | 0 |
_aRedbird, Zoey _c(Fictitious character) _9146329 |
| 650 | 7 |
_aVampirler _vRoman _2etuturkob _995289 |
|
| 700 | 1 |
_aCast, Kristin _4author _9146330 |
|
| 700 | 1 |
_aYanar, Sevinç Tezcan _4translator _973922 |
|
| 942 |
_2lcc _cBK |
||
| 999 |
_c200462711 _d80923 |
||